HABILIDADES DIRECTIVAS (Registro nro. 28276)
[ vista simple ]
| 000 -LEADER | |
|---|---|
| fixed length control field | 00403nam a2200157 a 4500 |
| 001 - CONTROL NUMBER | |
| control field | 28276 |
| 005 - DATE AND TIME OF LATEST TRANSACTION | |
| control field | 20180713231130.0 |
| 008 - FIXED-LENGTH DATA ELEMENTS--GENERAL INFORMATION | |
| fixed length control field | 140415s2002 mx 000 0 spa d |
| 020 ## - INTERNATIONAL STANDARD BOOK NUMBER | |
| International Standard Book Number | 9701038223 |
| 041 ## - LANGUAGE CODE | |
| Language code of text/sound track or separate title | spa |
| 082 ## - DEWEY DECIMAL CLASSIFICATION NUMBER | |
| Classification number | 658.4094 |
| Item number | MAD |
| 100 1# - MAIN ENTRY--PERSONAL NAME | |
| Personal name | E. MADRIGAL TORRES, BERTA |
| 245 10 - TITLE STATEMENT | |
| Title | HABILIDADES DIRECTIVAS |
| 250 ## - EDITION STATEMENT | |
| Edition statement | 1a ed. |
| 260 ## - PUBLICATION, DISTRIBUTION, ETC. | |
| Place of publication, distribution, etc. | MEXICO : |
| Name of publisher, distributor, etc. | MC GRAW HILL, |
| Date of publication, distribution, etc. | 2002 |
| Withdrawn status | Lost status | Source of classification or shelving scheme | Damaged status | Not for loan | Collection code | Home library | Current library | Shelving location | Date acquired | Source of acquisition | Total Checkouts | Full call number | Barcode | Date last seen | Price effective from | Koha item type |
|---|---|---|---|---|---|---|---|---|---|---|---|---|---|---|---|---|
| Dewey Decimal Classification | General | Tehuacán | Tehuacán | Sala general | 03/12/2013 | Compra | 658.4094 MAD | 501824 | 08/01/2025 | 03/12/2013 | Libro |